[Event "XX Festival Conca della Presolana A"]
[Site "Bratto - Castione della Presolana ITA"]
[Date "2000.08.25"]
[Round "1"]
[White "Aglietti, Graziano"]
[Black "Cocchi, Andrea"]
[Result "1-0"]
[WhiteElo "2062"]
[BlackElo "2261"]
[PlyCount "121"]
[EventDate "2000.08.25"]

1.e4 c5 2.c3 Qa5 3.Nf3 Nc6 4.Na3 d6 5.Bc4 Nf6 6.Qb3 e6 7.O-O Be7 8.d4 cxd4
9.cxd4 d5 10.exd5 Nxd5 11.Bd2 Qd8 12.Bxd5 exd5 13.Ne5 Nxd4 14.Qa4+ Nc6 15.
Nxc6 Qd7 16.Qd4 Qxc6 17.Rfe1 Be6 18.Qxg7 Kd7 19.Rac1 Qa4 20.Qg3 Bd6 21.Qd3
a6 22.Bc3 Rhg8 23.Be5 Qg4 24.g3 Rac8 25.Bxd6 Kxd6 26.Qe3 Qb4 27.Qe5+ Kd7 
28.Rcd1 Qd6 29.Qd4 b5 30.Qa7+ Rc7 31.Qd4 Rgc8 32.Qg7 h5 33.Qd4 Rc6 34.Qf6 
R6c7 35.Qd4 b4 36.Nb1 Rc4 37.Qf6 h4 38.Nd2 hxg3 39.hxg3 Rg4 40.Qf3 Rd4 41.
Qe3 Rg4 42.Rc1 Rc6 43.Rxc6 Qxc6 44.Nf3 Re4 45.Qxe4 dxe4 46.Ne5+ Kc7 47.
Nxc6 Kxc6 48.Rxe4 a5 49.Rxe6+ fxe6 50.Kf1 Kd5 51.Ke2 Kd4 52.f3 a4 53.Kd2 
Kc4 54.g4 Kd4 55.g5 Ke5 56.Ke3 Kf5 57.f4 b3 58.axb3 axb3 59.Kd4 Kxf4 60.g6
e5+ 61.Kc4 1-0

[Event "XX Festival Conca della Presolana A"]
[Site "Bratto - Castione della Presolana ITA"]
[Date "2000.08.25"]
[Round "1"]
[White "Alberton, Roberto"]
[Black "Epishin, Vladimir V."]
[Result "0-1"]
[WhiteElo "2147"]
[BlackElo "2567"]
[PlyCount "116"]
[EventDate "2000.08.25"]

1.d4 Nf6 2.c4 g6 3.Nc3 d5 4.cxd5 Nxd5 5.e4 Nxc3 6.bxc3 Bg7 7.Bc4 c5 8.Ne2 
Nc6 9.Be3 O-O 10.O-O Bd7 11.Rc1 Rc8 12.Qd2 Qa5 13.Rfd1 e6 14.Qb2 cxd4 15.
cxd4 Qb4 16.Rd2 Qxb2 17.Rxb2 Na5 18.Bd3 Rxc1+ 19.Bxc1 b6 20.Rc2 Rc8 21.
Rxc8+ Bxc8 22.Be3 Nc6 23.a3 a6 24.Kf1 b5 25.Ke1 Bf8 26.Bc1 e5 27.d5 Nb8 
28.Kd1 Nd7 29.Kc2 Bc5 30.f3 Kf8 31.Kb3 Bb6 32.Bb2 Ke7 33.Bc3 Kd6 34.Bb4+ 
Nc5+ 35.Bxc5+ Kxc5 36.Kc3 a5 37.Nc1 Bd7 38.Nb3+ Kd6 39.Kb2 a4 40.Nc1 Kc5 
41.Ne2 b4 42.axb4+ Kxb4 43.g4 a3+ 44.Ka2 Ba4 45.Ba6 Be3 46.Bd3 h5 47.h3 h4
48.Ba6 g5 49.Bd3 f6 50.Ba6 Bc5 51.Bd3 Bd1 52.Ba6 Bd6 53.Bd3 Bxe2 54.Bxe2 
Kc3 55.Bf1 Kd2 56.Bc4 Ke3 57.Kb3 Kxf3 58.Bd3 Kg2 0-1

[Event "XX Festival Conca della Presolana A"]
[Site "Bratto - Castione della Presolana ITA"]
[Date "2000.08.25"]
[Round "1"]
[White "Caruso, Daniele"]
[Black "Szekely, Peter"]
[Result "0-1"]
[WhiteElo "2117"]
[BlackElo "2445"]
[PlyCount "106"]
[EventDate "2000.08.25"]

1.e4 c5 2.Nf3 d6 3.Bb5+ Bd7 4.Bxd7+ Qxd7 5.c4 Nf6 6.Nc3 Nc6 7.d4 cxd4 8.
Nxd4 g6 9.O-O Bg7 10.Nde2 O-O 11.f3 e6 12.Bg5 h6 13.Be3 Rfd8 14.Qd2 d5 15.
exd5 exd5 16.Bxh6 dxc4 17.Qg5 Bxh6 18.Qxh6 Qd2 19.Qh4 Nd5 20.Rad1 Qe3+ 21.
Kh1 Qe7 22.Qf2 Ncb4 23.Nxd5 Rxd5 24.Rxd5 Nxd5 25.Ng3 Nf6 26.Qd4 b5 27.Rd1 
Re8 28.Kg1 Qe5 29.Kf2 Kg7 30.Qxe5 Rxe5 31.Rd6 Rd5 32.Rxd5 Nxd5 33.Ne4 b4 
34.g3 f5 35.Nc5 Kf6 36.Ke2 Ke7 37.Kd2 Kd6 38.Na4 Kc6 39.b3 c3+ 40.Kd3 Nf6 
41.a3 a5 42.axb4 axb4 43.h4 Nd7 44.Ke3 Ne5 45.f4 Ng4+ 46.Kd3 Nf2+ 47.Kc2 
Ne4 48.Kd3 Nxg3 49.Nxc3 bxc3 50.Kxc3 Ne2+ 51.Kd3 Nxf4+ 52.Kd4 Ng2 53.h5 
gxh5 0-1

[Event "XX Festival Conca della Presolana A"]
[Site "Bratto - Castione della Presolana ITA"]
[Date "2000.08.25"]
[Round "1"]
[White "Dilic, Roberto"]
[Black "Gorelli Fagiolini, Marco"]
[Result "1-0"]
[WhiteElo "2013"]
[BlackElo "2203"]
[PlyCount "71"]
[EventDate "2000.08.25"]

1.e4 e6 2.d4 d5 3.Nc3 Nf6 4.Bg5 Bb4 5.e5 h6 6.Bd2 Bxc3 7.Bxc3 Ne4 8.Qg4 
O-O 9.Bd3 Nxc3 10.bxc3 c5 11.Nh3 Qa5 12.O-O Qxc3 13.Qg3 Kh8 14.dxc5 Nd7 
15.Rae1 Nxc5 16.Nf4 Bd7 17.Re3 Nxd3 18.cxd3 Rac8 19.Nh5 Rg8 20.Qf4 Qd2 21.
Nf6 Rgd8 22.Ng4 Rc1 23.Nxh6 Rxf1+ 24.Kxf1 Qd1+ 25.Re1 Qxd3+ 26.Kg1 Be8 27.
Nxf7+ Bxf7 28.Qh4+ Kg8 29.Qxd8+ Kh7 30.Qh4+ Kg6 31.h3 Be8 32.Qe7 Bf7 33.
Re3 Qb1+ 34.Kh2 Qf5 35.Rf3 Qxe5+ 36.g3 1-0

[Event "XX Festival Conca della Presolana A"]
[Site "Bratto - Castione della Presolana ITA"]
[Date "2000.08.25"]
[Round "1"]
[White "Drabke, Lorenz Maximilian"]
[Black "Cebalo, Miso"]
[Result "1-0"]
[WhiteElo "2144"]
[BlackElo "2520"]
[PlyCount "105"]
[EventDate "2000.08.25"]

1.e4 c5 2.Nf3 d6 3.d4 cxd4 4.Nxd4 Nf6 5.f3 g6 6.c4 Bg7 7.Nc3 O-O 8.Be3 b6 
9.Be2 Bb7 10.O-O Nbd7 11.Qd2 Rc8 12.Rfd1 Re8 13.Nd5 a6 14.Rac1 e6 15.Nxf6+
Bxf6 16.Nb3 Be7 17.Qd4 f6 18.Qd2 Qc7 19.Nd4 Bf8 20.Bh6 Bxh6 21.Qxh6 Nf8 
22.Qd2 Red8 23.Kh1 Kg7 24.Bf1 Bc6 25.Nb5 axb5 26.cxb5 Qb7 27.bxc6 Rxc6 28.
Rxc6 Qxc6 29.Rc1 Qb7 30.Qc3 d5 31.exd5 exd5 32.Qc7+ Qxc7 33.Rxc7+ Kh6 34.
Rc6 d4 35.Kg1 d3 36.Rc1 Ne6 37.Rd1 d2 38.Kf2 f5 39.Bc4 Nc5 40.Ke2 Rd4 41.
b3 Na4 42.Ke3 Nc3 43.Kxd4 Nxd1 44.Be2 Nb2 45.Kc3 d1=Q 46.Bxd1 Nxd1+ 47.Kd2
Nf2 48.Ke2 Nh3 49.gxh3 Kg5 50.a4 Kf4 51.h4 Ke5 52.Kd3 Kd5 53.b4 1-0

[Event "XX Festival Conca della Presolana A"]
[Site "Bratto - Castione della Presolana ITA"]
[Date "2000.08.25"]
[Round "1"]
[White "Drazic, Sinisa"]
[Black "Lapiccirella, Mattia"]
[Result "1-0"]
[WhiteElo "2508"]
[BlackElo "2144"]
[PlyCount "77"]
[EventDate "2000.08.25"]

1.c4 Nf6 2.f4 c5 3.Nf3 Nc6 4.g3 g6 5.b3 Bg7 6.Bb2 O-O 7.Bg2 d5 8.cxd5 Qxd5
9.Nc3 Qd8 10.Na4 Qd6 11.Rc1 Nd7 12.Bxg7 Kxg7 13.Qc2 Nb4 14.Qb2+ f6 15.a3 
Nd5 16.Qc2 b6 17.e4 Nc7 18.d4 Ne6 19.dxc5 Nexc5 20.Rd1 Qe6 21.Nd4 Qf7 22.
Nxc5 Nxc5 23.b4 Ne6 24.Nf3 Bb7 25.O-O Rfc8 26.Qe2 Rc7 27.f5 Nf8 28.Nd4 e5 
29.fxe6 Nxe6 30.Nb5 Rd7 31.e5 Bxg2 32.exf6+ Kg8 33.Qxg2 Rxd1 34.Qxa8+ Rd8 
35.Qc6 Nd4 36.Nxd4 Rxd4 37.Qa8+ Qf8 38.Qxa7 Rd2 39.f7+ 1-0

[Event "XX Festival Conca della Presolana A"]
[Site "Bratto - Castione della Presolana ITA"]
[Date "2000.08.25"]
[Round "1"]
[White "Farago, Ivan"]
[Black "Riccio, Eros"]
[Result "1-0"]
[WhiteElo "2486"]
[BlackElo "2134"]
[PlyCount "47"]
[EventDate "2000.08.25"]

1.d4 d5 2.c4 dxc4 3.Nf3 Nf6 4.e3 e6 5.Bxc4 c5 6.O-O a6 7.Bb3 Nbd7 8.e4 
cxd4 9.e5 Ng8 10.Qxd4 Ne7 11.Nc3 Qb6 12.Qf4 Ng6 13.Qg3 Bb4 14.h4 Bxc3 15.
bxc3 Qa5 16.h5 Ngxe5 17.Nxe5 Qxe5 18.Bf4 Qf6 19.Bd6 g6 20.h6 g5 21.f4 gxf4
22.Rxf4 Qxh6 23.Raf1 f5 24.Rxf5 1-0

[Event "XX Festival Conca della Presolana A"]
[Site "Bratto - Castione della Presolana ITA"]
[Date "2000.08.25"]
[Round "1"]
[White "Galli, Fabio"]
[Black "Belotti, Bruno"]
[Result "0-1"]
[WhiteElo "2107"]
[BlackElo "2417"]
[PlyCount "71"]
[EventDate "2000.08.25"]

1.e4 c5 2.Nf3 d6 3.d4 cxd4 4.Nxd4 Nf6 5.Nc3 a6 6.Bc4 e6 7.Bb3 Nc6 8.O-O 
Qc7 9.Be3 Be7 10.f4 b5 11.f5 Nxd4 12.Qxd4 O-O 13.fxe6 Bxe6 14.Nd5 Bxd5 15.
exd5 Nd7 16.c3 Bf6 17.Qg4 g6 18.Bf4 Ne5 19.Bxe5 Bxe5 20.Qf3 Kg7 21.Rac1 
Qe7 22.g3 f5 23.Kg2 h5 24.h3 Qg5 25.Rce1 Rae8 26.a3 a5 27.Ba2 h4 28.g4 
fxg4 29.Qxg4 Qxg4+ 30.hxg4 h3+ 31.Kxh3 Rh8+ 32.Kg2 Rh2+ 33.Kf3 Rxb2 34.Re2
Rf8+ 35.Ke3 Rxa2 36.Rxa2 0-1

[Event "XX Festival Conca della Presolana A"]
[Site "Bratto - Castione della Presolana ITA"]
[Date "2000.08.25"]
[Round "1"]
[White "Grooten, Herman"]
[Black "Mariano, Elia"]
[Result "1/2-1/2"]
[WhiteElo "2386"]
[BlackElo "2093"]
[PlyCount "66"]
[EventDate "2000.08.25"]

1.d4 d5 2.c4 e6 3.Nf3 Nf6 4.Nc3 Nbd7 5.cxd5 exd5 6.Bf4 c6 7.Qc2 Be7 8.h3 
O-O 9.O-O-O b5 10.e3 b4 11.Na4 c5 12.dxc5 Bb7 13.Kb1 Rc8 14.Bd3 Nxc5 15.
Nxc5 Rxc5 16.Qe2 Qb6 17.Be5 b3 18.a3 Rcc8 19.Nd4 Ne4 20.Nf5 Bf6 21.Bxe4 
dxe4 22.Rd6 Rc2 23.Nh6+ Kh8 24.Rxb6 Bxe5 25.Rxb7 Rxe2 26.Nxf7+ Rxf7 27.
Rxf7 Rxb2+ 28.Kc1 h6 29.Re7 Bc3 30.Rc7 Rc2+ 31.Kd1 Rd2+ 32.Kc1 Rc2+ 33.Kb1
Rb2+ 1/2-1/2

[Event "XX Festival Conca della Presolana A"]
[Site "Bratto - Castione della Presolana ITA"]
[Date "2000.08.25"]
[Round "1"]
[White "Inkiov, Ventzislav V."]
[Black "De Barberis, Massimo"]
[Result "1-0"]
[WhiteElo "2416"]
[BlackElo "2103"]
[PlyCount "51"]
[EventDate "2000.08.25"]

1.d4 Nf6 2.c4 e6 3.Nf3 c5 4.e3 cxd4 5.exd4 d5 6.Nc3 Be7 7.Bd3 Nc6 8.a3 O-O
9.O-O dxc4 10.Bxc4 b6 11.Bg5 Bb7 12.Qd3 Rc8 13.Rad1 Nd5 14.Bxd5 Bxg5 15.
Be4 h6 16.d5 exd5 17.Bxd5 Bf6 18.Qb1 Qc7 19.Nb5 Qb8 20.Nd6 Rc7 21.Rfe1 Na5
22.Nxb7 Nxb7 23.Nd4 Rd7 24.Qf5 Qd8 25.Nc6 Qc7 26.Be4 1-0

[Event "XX Festival Conca della Presolana A"]
[Site "Bratto - Castione della Presolana ITA"]
[Date "2000.08.25"]
[Round "1"]
[White "Lanzani, Mario"]
[Black "Manzoni, Alessandro"]
[Result "1-0"]
[WhiteElo "2419"]
[BlackElo "2115"]
[PlyCount "51"]
[EventDate "2000.08.25"]

1.e4 e5 2.f4 d5 3.exd5 exf4 4.Nf3 Bg4 5.Bb5+ Bd7 6.Qe2+ Qe7 7.Ne5 f6 8.
Nxd7 Qxe2+ 9.Bxe2 Nxd7 10.d4 O-O-O 11.Bxf4 Re8 12.Kf2 g5 13.Bd2 h5 14.c4 
Ne7 15.Bd3 Bh6 16.Nc3 f5 17.d6 Nc6 18.Nb5 a6 19.Nxc7 Nxd4 20.Nxe8 Rxe8 21.
Rhe1 Ne5 22.Rxe5 Rxe5 23.Bc3 Nc6 24.Bxe5 Nxe5 25.Bxf5+ Kd8 26.c5 1-0

[Event "XX Festival Conca della Presolana A"]
[Site "Bratto - Castione della Presolana ITA"]
[Date "2000.08.25"]
[Round "1"]
[White "Lapiccirella, Daniele"]
[Black "Guido, Flavio"]
[Result "0-1"]
[WhiteElo "2084"]
[BlackElo "2303"]
[PlyCount "120"]
[EventDate "2000.08.25"]

1.d4 Nf6 2.c4 e6 3.Bg5 h6 4.Bxf6 Qxf6 5.Nf3 Bb4+ 6.Nbd2 c5 7.a3 Ba5 8.Rb1 
cxd4 9.b4 Bc7 10.Ne4 Qg6 11.Qxd4 Nc6 12.Qd3 d5 13.Nc3 Qxd3 14.exd3 dxc4 
15.dxc4 b6 16.Be2 Bb7 17.O-O Rd8 18.Nb5 Bb8 19.Rbc1 Ke7 20.c5 a6 21.Nc3 b5
22.a4 bxa4 23.Rb1 Nd4 24.Nxd4 Rxd4 25.Nxa4 Be4 26.Rb2 a5 27.Nc3 axb4 28.
Nxe4 Rxe4 29.Bf3 Rc4 30.Rfb1 Rxc5 31.Rxb4 Be5 32.g3 Rhc8 33.Rb7+ R8c7 34.
Rxc7+ Bxc7 35.Rb2 f5 36.Kg2 Rc1 37.Rd2 Be5 38.Bd1 Rb1 39.Ba4 Rb4 40.Bd1 
Bd4 41.f4 g5 42.Re2 Bc5 43.fxg5 hxg5 44.Bc2 Kf6 45.Kf3 e5 46.h3 e4+ 47.
Bxe4 Rb3+ 48.Kg2 fxe4 49.Rxe4 Bd6 50.Rg4 Kf5 51.Kf2 Rb2+ 52.Kg1 Be5 53.Kh1
Ra2 54.Kg1 Rd2 55.Ra4 Bxg3 56.Rg4 Bh4 57.Ra4 Re2 58.Ra5+ Kf4 59.Ra4+ Kf3 
60.Rg4 Bg3 0-1

[Event "XX Festival Conca della Presolana A"]
[Site "Bratto - Castione della Presolana ITA"]
[Date "2000.08.25"]
[Round "1"]
[White "Leoni, Fabrizio"]
[Black "Davies, Nigel R."]
[Result "0-1"]
[WhiteElo "2143"]
[BlackElo "2486"]
[PlyCount "84"]
[EventDate "2000.08.25"]

1.d4 Nf6 2.c4 g6 3.Nc3 d5 4.cxd5 Nxd5 5.e4 Nxc3 6.bxc3 Bg7 7.Bc4 c5 8.Ne2 
Nc6 9.Be3 O-O 10.O-O e6 11.Rb1 Na5 12.Bd3 cxd4 13.cxd4 b6 14.Qa4 Bd7 15.
Bb5 Bxb5 16.Qxb5 Qe8 17.Qb4 Qc6 18.Ng3 Rfc8 19.Rbc1 Qd7 20.Ne2 Bf8 21.Qb1 
Nc4 22.Qb3 b5 23.Rfd1 a5 24.Bf4 a4 25.Qb1 b4 26.d5 e5 27.Bd2 Rab8 28.Be1 
Qb5 29.Qd3 Bd6 30.Rb1 Na3 31.Qxb5 Rxb5 32.Rb2 Rbb8 33.Nc1 Nc4 34.Rb1 f5 
35.exf5 gxf5 36.Nd3 b3 37.axb3 axb3 38.Nb2 Na3 39.Rbc1 Rc2 40.Bc3 Nb5 41.
Na4 Ra8 42.Ra1 Nxc3 0-1

[Event "XX Festival Conca della Presolana A"]
[Site "Bratto - Castione della Presolana ITA"]
[Date "2000.08.25"]
[Round "1"]
[White "Marta, Daniele"]
[Black "Ventura, Boris"]
[Result "1/2-1/2"]
[WhiteElo "1900"]
[BlackElo "2162"]
[PlyCount "52"]
[EventDate "2000.08.25"]

1.d4 Nf6 2.c4 d6 3.Nf3 g6 4.Nc3 Bg7 5.e4 O-O 6.Be2 e5 7.O-O Nc6 8.d5 Ne7 
9.Ne1 Nd7 10.Be3 f5 11.f3 f4 12.Bf2 Nf6 13.c5 g5 14.cxd6 cxd6 15.Rc1 a6 
16.Na4 g4 17.Nb6 Rb8 18.Nxc8 Rxc8 19.Nd3 g3 20.hxg3 fxg3 21.Bxg3 Bh6 22.
Rxc8 Nxc8 23.Qb3 Nh5 24.Bh2 Be3+ 25.Nf2 Qg5 26.Qxb7 Kh8 1/2-1/2

[Event "XX Festival Conca della Presolana A"]
[Site "Bratto - Castione della Presolana ITA"]
[Date "2000.08.25"]
[Round "1"]
[White "Marzano, Carlo"]
[Black "Cetro, Carlo"]
[Result "1/2-1/2"]
[WhiteElo "2236"]
[BlackElo "2050"]
[PlyCount "87"]
[EventDate "2000.08.25"]

1.d4 f5 2.e4 fxe4 3.Nc3 Nf6 4.g4 d5 5.g5 Ng8 6.f3 Bf5 7.fxe4 dxe4 8.Be3 e6
9.Nge2 Ne7 10.Bg2 Nd5 11.Qd2 Be7 12.h4 Nc6 13.Nxe4 Qd7 14.c4 Bxe4 15.Bxe4 
Bb4 16.Nc3 Nxe3 17.Qxe3 Nxd4 18.O-O-O c5 19.Nb5 O-O-O 20.Nxa7+ Kb8 21.Nb5 
e5 22.Nc3 Qc7 23.Nd5 Qd6 24.Rhf1 Rdf8 25.Rxf8+ Rxf8 26.h5 h6 27.Rg1 hxg5 
28.a3 Ba5 29.Kb1 Bd8 30.Ka2 Qa6 31.Bd3 Qd6 32.Be4 Rh8 33.Bg6 Rf8 34.Re1 
Nf3 35.Rf1 g4 36.Be4 Bg5 37.Qe2 Qa6 38.Bxf3 gxf3 39.Qxe5+ Ka7 40.b3 Bh6 
41.Qc7 Qc6 42.Qa5+ Kb8 43.Qe1 Qd6 44.Qf2 1/2-1/2

[Event "XX Festival Conca della Presolana A"]
[Site "Bratto - Castione della Presolana ITA"]
[Date "2000.08.25"]
[Round "1"]
[White "Murgia, Andrea"]
[Black "Dervishi, Erald"]
[Result "0-1"]
[WhiteElo "2131"]
[BlackElo "2478"]
[PlyCount "114"]
[EventDate "2000.08.25"]

1.e4 e5 2.Nf3 Nc6 3.Bb5 a6 4.Ba4 Nf6 5.Qe2 Be7 6.c3 b5 7.Bc2 O-O 8.O-O d5 
9.d3 Bg4 10.Rd1 d4 11.Nbd2 Bc5 12.h3 Bxf3 13.Nxf3 Qd6 14.Bd2 dxc3 15.bxc3 
Rfe8 16.Be3 Bxe3 17.Qxe3 Qa3 18.Bb3 Na5 19.Qc1 Qxc1 20.Rdxc1 c5 21.Re1 
Rad8 22.Bc2 Nd7 23.Kf1 Nb8 24.Rad1 Nbc6 25.Bb1 Rd6 26.Rd2 Red8 27.Red1 Kf8
28.Ke2 g6 29.a3 Nb3 30.Rb2 c4 31.Ne1 Nca5 32.f3 f6 33.Bc2 Nc5 34.Rbb1 Ke7 
35.g3 g5 36.Ra1 h5 37.Rab1 h4 38.gxh4 gxh4 39.dxc4 Nxc4 40.Rxd6 Rxd6 41.
Rd1 Nxa3 42.Rxd6 Kxd6 43.Kd1 Ne6 44.Ng2 Nf4 45.Nxh4 Nxh3 46.Nf5+ Kc5 47.
Bb3 Ng5 48.Ne3 Nxf3 49.Ng4 b4 50.cxb4+ Kxb4 51.Bd5 Kc3 52.Nxf6 a5 53.Nd7 
Nc2 54.Kc1 Nb4 55.Bb7 a4 56.Nc5 a3 57.Na4+ Kd4 0-1

[Event "XX Festival Conca della Presolana A"]
[Site "Bratto - Castione della Presolana ITA"]
[Date "2000.08.25"]
[Round "1"]
[White "Oppici, Gabriele"]
[Black "Bonomi, Maurizio"]
[Result "1-0"]
[WhiteElo "2040"]
[BlackElo "2234"]
[PlyCount "57"]
[EventDate "2000.08.25"]

1.Nc3 d5 2.e4 e6 3.Nf3 Nf6 4.e5 Nfd7 5.d4 c5 6.Bb5 Nc6 7.O-O Be7 8.Bxc6 
bxc6 9.Re1 O-O 10.Na4 cxd4 11.Qxd4 f5 12.exf6 Bxf6 13.Qg4 Nb6 14.Nxb6 Qxb6
15.Be3 Qxb2 16.Rab1 Qxa2 17.Bc5 Re8 18.Ne5 Qxc2 19.Bd6 a5 20.Rbc1 Qf5 21.
Qa4 Bxe5 22.Bxe5 Bd7 23.Qd4 Re7 24.Rc3 a4 25.Rg3 g6 26.Rf3 Qc2 27.Qh4 Qd2 
28.Rf1 g5 29.Qh6 1-0

[Event "XX Festival Conca della Presolana A"]
[Site "Bratto - Castione della Presolana ITA"]
[Date "2000.08.25"]
[Round "1"]
[White "Orsi, Massimiliano"]
[Black "Sedina, Elena"]
[Result "0-1"]
[WhiteElo "2100"]
[BlackElo "2405"]
[PlyCount "46"]
[EventDate "2000.08.25"]

1.e4 Nf6 2.e5 Nd5 3.d4 d6 4.Nf3 Bg4 5.Be2 c6 6.O-O Bxf3 7.Bxf3 dxe5 8.dxe5
e6 9.Qe2 Nd7 10.c4 Ne7 11.b3 Ng6 12.Bb2 Qc7 13.Be4 Ngxe5 14.f4 Ng6 15.f5 
Nf4 16.Qf3 e5 17.Nc3 O-O-O 18.Rad1 Be7 19.Kh1 h5 20.a3 h4 21.b4 Nh5 22.b5 
Ng3+ 23.Kg1 Bc5+ 0-1

[Event "XX Festival Conca della Presolana A"]
[Site "Bratto - Castione della Presolana ITA"]
[Date "2000.08.25"]
[Round "1"]
[White "Pagnoncelli, Marco"]
[Black "Mione, Dario"]
[Result "1/2-1/2"]
[WhiteElo "2082"]
[BlackElo "2286"]
[PlyCount "103"]
[EventDate "2000.08.25"]

1.e4 c5 2.Nf3 e6 3.d4 cxd4 4.Nxd4 a6 5.g3 Bc5 6.Nc3 Qb6 7.Na4 Qa5+ 8.Nc3 
Bb4 9.Bd2 Nf6 10.Bg2 Qc7 11.O-O O-O 12.a3 Be7 13.h3 Nc6 14.Be3 Na5 15.Kh2 
Nc4 16.Bc1 Nxa3 17.e5 Ne8 18.Qd3 Nc4 19.f4 Rb8 20.b3 Na5 21.f5 f6 22.exf6 
Nxf6 23.fxe6 dxe6 24.Nxe6 Bxe6 25.Bf4 Qb6 26.Bxb8 Rxb8 27.Rxf6 Bxf6 28.Nd5
Ra8 29.Nxf6+ gxf6 30.Qc3 Rc8 31.Qxf6 Rxc2 32.Qg5+ Kf7 33.Rxa5 Qf2 34.Qh5+ 
Kf8 35.Qh6+ Ke7 36.Qxh7+ Kd8 37.Qh8+ Kd7 38.Qg7+ Bf7 39.Rd5+ Kc7 40.Qe5+ 
Kc8 41.Qf5+ Qxf5 42.Rxf5 Bxb3 43.g4 Be6 44.Re5 Kd7 45.Kg3 b5 46.g5 b4 47.
g6 b3 48.g7 b2 49.Rxe6 b1=Q 50.g8=Q Rxg2+ 51.Kxg2 Qa2+ 52.Kf1 1/2-1/2

[Event "XX Festival Conca della Presolana A"]
[Site "Bratto - Castione della Presolana ITA"]
[Date "2000.08.25"]
[Round "1"]
[White "Pirola, Andrea"]
[Black "Cazzaniga, Walter"]
[Result "1-0"]
[WhiteElo "1909"]
[BlackElo "2170"]
[PlyCount "119"]
[EventDate "2000.08.25"]

1.d4 Nf6 2.Nf3 g6 3.Bf4 Bg7 4.e3 O-O 5.Be2 d6 6.Nbd2 b6 7.h3 Bb7 8.c3 Nbd7
9.Qc2 Nd5 10.Bg5 h6 11.Bh4 c5 12.O-O Rc8 13.Rad1 Qc7 14.Bg3 e5 15.dxe5 
dxe5 16.e4 Nf4 17.Bxf4 exf4 18.Nc4 Rcd8 19.Nd6 Bc6 20.Rd2 Ne5 21.Rfd1 
Nxf3+ 22.Bxf3 Be5 23.Nc4 Bf6 24.Nd6 Be7 25.Nc4 b5 26.Rxd8 Rxd8 27.Rxd8+ 
Bxd8 28.Nd2 Qe5 29.Be2 a6 30.a4 bxa4 31.Qd3 Bf6 32.Qxa6 Bxe4 33.Nc4 Qg5 
34.f3 Bf5 35.Kf1 Bc2 36.Nd6 Qe5 37.Qc8+ Kg7 38.Ne8+ Kh7 39.Nxf6+ Qxf6 40.
Qxc5 Bb3 41.Bc4 Qd8 42.Bxb3 Qd3+ 43.Kg1 axb3 44.Qe7 Qd5 45.Qb4 g5 46.Qd4 
Qf5 47.c4 Kg6 48.Qb6+ Qe6 49.Qxe6+ fxe6 50.Kf2 Kf6 51.Ke2 Ke5 52.Kd3 h5 
53.Kc3 Kd6 54.Kxb3 e5 55.Kc3 e4 56.fxe4 g4 57.Kd3 Kc5 58.hxg4 hxg4 59.e5 
Kc6 60.Ke4 1-0

[Event "XX Festival Conca della Presolana A"]
[Site "Bratto - Castione della Presolana ITA"]
[Date "2000.08.25"]
[Round "1"]
[White "Podini, Francesco"]
[Black "Profumo, Alberto"]
[Result "0-1"]
[WhiteElo "2071"]
[BlackElo "2284"]
[PlyCount "74"]
[EventDate "2000.08.25"]

1.c4 Nf6 2.Nc3 g6 3.g3 Bg7 4.Bg2 e5 5.e4 O-O 6.Nge2 Nc6 7.O-O d6 8.h3 Be6 
9.d3 Qd7 10.Kh2 Ne7 11.Be3 c6 12.f4 Ne8 13.b3 exf4 14.gxf4 d5 15.cxd5 cxd5
16.e5 Nf5 17.Bc5 d4 18.Ne4 Ne3 19.Qd2 Nxg2 20.Bxf8 Bxf8 21.Kxg2 Bxh3+ 22.
Kh2 Bxf1 23.Rxf1 Qd5 24.Rc1 f6 25.exf6 Nd6 26.N2g3 Bh6 27.Qf2 Rf8 28.Qf3 
Ne8 29.Qg4 Nxf6 30.Qh4 Bg7 31.Rc5 Qd7 32.Ng5 h6 33.Nf3 Ng4+ 34.Kg1 Rxf4 
35.Nd2 Nf2 36.Qh2 Nxd3 37.Rc2 Qg4 0-1

[Event "XX Festival Conca della Presolana A"]
[Site "Bratto - Castione della Presolana ITA"]
[Date "2000.08.25"]
[Round "1"]
[White "Ranieri, Fabrizio"]
[Black "Berni, Giorgio"]
[Result "1/2-1/2"]
[WhiteElo "2165"]
[BlackElo "1905"]
[PlyCount "32"]
[EventDate "2000.08.25"]

1.e4 c5 2.Nf3 d6 3.d4 cxd4 4.Nxd4 Nf6 5.Nc3 Nc6 6.Be3 Ng4 7.Bb5 Nxe3 8.
Nxc6 Nxd1 9.Nxd8+ Kxd8 10.Rxd1 e6 11.O-O g6 12.Be2 Kc7 13.f4 Be7 14.Bg4 
Bd7 15.Rd3 b5 16.Ne2 Bc6 1/2-1/2

[Event "XX Festival Conca della Presolana A"]
[Site "Bratto - Castione della Presolana ITA"]
[Date "2000.08.25"]
[Round "1"]
[White "Ricci, Alfredo"]
[Black "Everet, Alexandro"]
[Result "1/2-1/2"]
[WhiteElo "2093"]
[BlackElo "2348"]
[PlyCount "150"]
[EventDate "2000.08.25"]

1.e4 Nc6 2.Nc3 e5 3.Nf3 Nf6 4.d4 exd4 5.Nxd4 Nxd4 6.Qxd4 d6 7.Bf4 Be7 8.
O-O-O O-O 9.Be2 Be6 10.Nd5 Bxd5 11.exd5 Nd7 12.Kb1 Bf6 13.Qd2 a5 14.h4 a4 
15.g4 a3 16.b3 Nc5 17.Bd3 c6 18.dxc6 Na4 19.Bg5 bxc6 20.c4 Nb2 21.Rc1 Re8 
22.Bc2 Rb8 23.Qf4 Re6 24.Bf5 Re2 25.Rce1 Na4 26.Rxe2 Nc3+ 27.Kc2 Nxe2 28.
Qe4 Nc3 29.Bxh7+ Kf8 30.Qf5 Nxa2 31.Bxf6 Nb4+ 32.Kd2 Qxf6 33.Qxf6 gxf6 34.
h5 Kg7 35.Bf5 Kh6 36.Re1 a2 37.Kc3 c5 38.Kb2 Ra8 39.f4 Ra7 40.Ka1 Nc6 41.
Bc2 Nd4 42.Bd1 Nc6 43.Re8 Nb4 44.Re3 d5 45.cxd5 Nxd5 46.g5+ fxg5 47.fxg5+ 
Kg7 48.Rd3 Nb4 49.Rd2 f6 50.g6 Re7 51.Bg4 f5 52.Bf3 Kh6 53.Kb2 f4 54.Re2 
Ra7 55.Ka1 Rd7 56.Rg2 Re7 57.Rg1 Ra7 58.Rg2 Nd3 59.Rxa2 Re7 60.Ra8 Kg7 61.
Rb8 Re1+ 62.Ka2 Re7 63.Kb1 Ne5 64.Rb7 Rxb7 65.Bxb7 f3 66.Kc2 f2 67.Bg2 Ng4
68.Kd3 Nf6 69.Kc4 Nxh5 70.Kxc5 Ng3 71.b4 Ne4+ 72.Kd4 Nd6 73.Bf1 Kxg6 74.
Kd5 Nc8 75.Ke6 Nb6 1/2-1/2

[Event "XX Festival Conca della Presolana A"]
[Site "Bratto - Castione della Presolana ITA"]
[Date "2000.08.25"]
[Round "1"]
[White "Romanishin, Oleg M."]
[Black "Schuurman, Petra"]
[Result "1-0"]
[WhiteElo "2591"]
[BlackElo "2151"]
[PlyCount "85"]
[EventDate "2000.08.25"]

1.d4 g6 2.g3 Bg7 3.Bg2 d6 4.Nf3 Nd7 5.O-O Ngf6 6.c4 O-O 7.d5 e5 8.dxe6 
fxe6 9.Nc3 Nc5 10.Be3 Nfe4 11.Nxe4 Nxe4 12.Qc2 Nf6 13.Rad1 Qe7 14.Bg5 Bd7 
15.c5 Bc6 16.cxd6 cxd6 17.Qb3 h6 18.Be3 Rfd8 19.Qa3 Kh7 20.Bd4 Rd7 21.Bc3 
Ne8 22.Bxg7 Nxg7 23.Bh3 Bxf3 24.Qxf3 d5 25.Qe3 a6 26.Rc1 Qd6 27.Rfd1 Rf8 
28.Qc5 Qxc5 29.Rxc5 Kg8 30.e4 d4 31.f4 Kf7 32.Kf2 Rfd8 33.Ke2 Ne8 34.Kd3 
Ke7 35.Rdc1 Rd6 36.Rc8 Rb6 37.Rxd8 Kxd8 38.b3 Nc7 39.Kxd4 Rd6+ 40.Ke3 Nb5 
41.e5 Rc6 42.Rc4 Kc7 43.Bg2 1-0

[Event "XX Festival Conca della Presolana A"]
[Site "Bratto - Castione della Presolana ITA"]
[Date "2000.08.25"]
[Round "1"]
[White "Sarno, Spartaco"]
[Black "Rossi, Giampiero"]
[Result "1-0"]
[WhiteElo "2409"]
[BlackElo "2101"]
[PlyCount "133"]
[EventDate "2000.08.25"]

1.c4 e6 2.Nf3 d5 3.b3 Nf6 4.g3 Be7 5.Bg2 Nbd7 6.Bb2 c6 7.O-O O-O 8.Qc2 b6 
9.d4 Bb7 10.Nbd2 Rc8 11.e4 Qc7 12.e5 Ne8 13.Rac1 Qb8 14.Rfe1 Nc7 15.Nf1 
Rfd8 16.Ne3 c5 17.Qe2 dxc4 18.Nxc4 Ne8 19.Bf1 Bxf3 20.Qxf3 cxd4 21.Bxd4 
Nc5 22.Rcd1 Rc7 23.Bb2 Rcd7 24.Rxd7 Rxd7 25.Rd1 Rxd1 26.Qxd1 Qd8 27.Qc2 g6
28.b4 Na6 29.a3 Nb8 30.Qe4 Qd7 31.Ne3 Kg7 32.Ng4 Qd8 33.Nf6 Nxf6 34.exf6+ 
Bxf6 35.Bxf6+ Qxf6 36.Qb7 Qd8 37.Qxa7 Nc6 38.Qa6 Qd4 39.Qd3 Qxd3 40.Bxd3 
Kf6 41.f4 e5 42.Kf2 exf4 43.gxf4 Ke6 44.Ke3 Kd6 45.Be4 Nd8 46.a4 f5 47.Bf3
Ne6 48.Be2 Kd5 49.a5 bxa5 50.bxa5 Kc5 51.a6 Kb6 52.h4 Nc5 53.Kd4 Ne4 54.
Ke5 Ng3 55.Bc4 Nh5 56.Bg8 h6 57.Bc4 Ka7 58.Be2 Ng3 59.Bf3 Kxa6 60.Kf6 Kb6 
61.Kxg6 Kc5 62.Kxh6 Kd4 63.Kg5 Ke3 64.h5 Kxf3 65.h6 Ne4+ 66.Kxf5 Nd6+ 67.
Kg6 1-0

[Event "XX Festival Conca della Presolana A"]
[Site "Bratto - Castione della Presolana ITA"]
[Date "2000.08.25"]
[Round "1"]
[White "Sbarra, Marco"]
[Black "Ruzzier, Dario"]
[Result "1-0"]
[WhiteElo "2285"]
[BlackElo "2080"]
[PlyCount "53"]
[EventDate "2000.08.25"]

1.d4 d5 2.c4 e6 3.Nc3 c5 4.cxd5 exd5 5.Nf3 Nc6 6.g3 Nf6 7.Bg2 Be7 8.O-O 
O-O 9.dxc5 Bxc5 10.b3 a6 11.Bb2 Re8 12.Rc1 Ba7 13.e3 Bg4 14.Ne2 Ne4 15.h3 
Be6 16.Nfd4 Rc8 17.Nxe6 Rxe6 18.Nf4 Rd6 19.Qg4 g6 20.Bxe4 dxe4 21.Rfd1 f5 
22.Rxd6 Qxd6 23.Qg5 Ne7 24.Rxc8+ Nxc8 25.Ba3 Qd7 26.Qf6 Bb6 27.Qf8# 1-0